000 00680nam a2200181 a 4500
001 000029649
005 20200930055713.0
008 110415s2005 dr 000 0 spa d
040 _aDO-SdBNP
_bspa
_cBNPHU
082 _axxx
_bC3978a
110 2 _aCentro Nacional de Investigaciones en Salud Materno Infantil
_955757
245 1 0 _aFenilcetonuria /
_ceditor Ceila Pérez de Ferrán.
260 _aSanto Domingo :
_bCENISMI,
_c2005.
300 _aviii, 35 p. ;
_c28 cm.
490 1 _aInvestigaciones clínicas
_aestudios aplicados a las clínica
_v1
700 1 _aPérez de Ferrán, Ceila
_eed
_956458
830 0 _aInvestigaciones clínicas
_pestudios aplicados a las clínica
_v1
_956422
999 _c29141
_d29141